000 00800nam a22002177a 4500
005 20180528155158.0
010 _aENG-123118
020 _a9788129145352
_c395.00
035 _aB-683142-149
035 _aEN-106650
037 _bAakar Books
_adpl
037 _bDBAD/PUB
082 _a363.2095482
100 _aK.Vijay Kumar
245 _aVeerappan :
_bchasing the brigand /
_cby K.Vijay Kumar
260 _aNew Delhi
_bRupa Pub.
_c2017
270 _a7/16, Ansari Road, Daryaganj,
_bNew Delhi
_e110002
300 _axiii,249p.
_c21cm(pbk)
942 _2ddc
_cEN
_mKVI
_h363.2095482
999 _c144809
_d144809